The 100 players Cristiano Ronaldo has played most with - Statistics

General Stats
  • This quiz has been taken 127 times
  • The average score is 56 of 100
Answer Stats
Picture Hint Answer % Correct
342 Matches Karim Benzema
98%
342 Matches Pepe
98%
332 Matches Marcelo
97%
222 Matches Luka Modric
96%
228 Matches Iker Casillas
95%
339 Matches Sergio Ramos
95%
231 Matches Raphaël Varane
91%
206 Matches Wayne Rooney
89%
166 Matches Ángel Di María
88%
221 Matches Rio Ferdinand
88%
149 Matches Mesut Özil
87%
208 Matches Xabi Alonso
87%
157 Matches Gareth Bale
86%
121 Matches Casemiro
85%
170 Matches Toni Kroos
85%
165 Matches Dani Carvajal
84%
188 Matches Isco
83%
180 Matches Gonzalo Higuaín
82%
94 Matches Paulo Dybala
82%
95 Matches Álvaro Morata
81%
100 Matches Bruno Fernandes
81%
53 Matches David de Gea
81%
99 Matches Kaká
81%
124 Matches Keylor Navas
81%
86 Matches James Rodríguez
80%
55 Matches Giorgio Chiellini
78%
94 Matches Juan Cuadrado
77%
108 Matches Leonardo Bonucci
77%
167 Matches Edwin van der Sar
76%
183 Matches Paul Scholes
76%
130 Matches Nani
75%
204 Matches Ryan Giggs
75%
65 Matches Bernardo Silva
74%
70 Matches Adrien Rabiot
73%
91 Matches Ruud van Nistelrooy
73%
92 Matches Ji-sung Park
72%
69 Matches João Cancelo
72%
117 Matches Nacho Fernández
71%
131 Matches Nemanja Vidic
71%
80 Matches Carlos Tevez
70%
68 Matches Matthijs de Ligt
69%
174 Matches Sami Khedira
68%
55 Matches Marco Asensio
67%
79 Matches Ricardo Quaresma
66%
138 Matches Gary Neville
65%
121 Matches Patrice Evra
65%
88 Matches Rui Patrício
65%
106 Matches Alex Sandro
63%
100 Matches Lucas Vázquez
63%
81 Matches Mateo Kovacic
62%
135 Matches Fábio Coentrão
61%
77 Matches Miralem Pjanic
61%
79 Matches Blaise Matuidi
60%
68 Matches Roy Keane
60%
101 Matches Wojciech Szczesny
60%
50 Matches Douglas Costa
59%
57 Matches Deco
58%
112 Matches Danilo
56%
44 Matches Scott McTominay
56%
127 Matches Michael Carrick
50%
201 Matches Álvaro Arbeloa
48%
57 Matches Aaron Ramsey
46%
138 Matches Ricardo Carvalho
44%
53 Matches Diego López
43%
111 Matches Rodrigo Bentancur
43%
61 Matches Anderson
42%
111 Matches João Moutinho
42%
56 Matches William Carvalho
42%
155 Matches Darren Fletcher
41%
53 Matches Diogo Dalot
41%
75 Matches Jesé
41%
51 Matches Danilo Pereira
40%
215 Matches John O'Shea
38%
95 Matches Federico Bernardeschi
37%
83 Matches Lassana Diarra
36%
67 Matches José Callejón
35%
88 Matches Bruno Alves
34%
75 Matches Gabriel Heinze
34%
51 Matches Raphaël Guerreiro
34%
153 Matches Wes Brown
34%
95 Matches Raúl Albiol
30%
70 Matches Asier Illarramendi
28%
94 Matches Louis Saha
26%
138 Matches Mikaël Silvestre
25%
51 Matches Phil Neville
23%
63 Matches Raúl Meireles
18%
42 Matches Maniche
16%
68 Matches Alan Smith
15%
56 Matches Tim Howard
13%
53 Matches Tiago
11%
78 Matches Esteban Granero
10%
45 Matches Paulo Ferreira
10%
54 Matches Hélder Postiga
9%
45 Matches Simão
8%
42 Matches Abdulrahman Ghareeb
7%
43 Matches Kieran Richardson
6%
43 Matches Quinton Fortune
5%
42 Matches Miguel
4%
53 Matches Ricardo
3%
42 Matches Sultan Al-Ghannam
2%
No matching quizzes found
Score Distribution
Percent of People with Each Score
Percentile by Number Answered
Your Score History
You have not taken this quiz